| 000 | 00557nam a22001817a 4500 | ||
|---|---|---|---|
| 999 |
_c2277 _d2277 |
||
| 005 | 20181010202717.0 | ||
| 008 | 181010b ||||| |||| 00| 0 eng d | ||
| 020 | _a817214251X | ||
| 040 | _cDLC | ||
| 082 |
_a230 _bH665T |
||
| 100 | _aHinson, David F | ||
| 245 |
_aTheology of the Old Testament _cDavid F. Hinson |
||
| 260 |
_aDelhi _bISPCK _c1990 |
||
| 300 | _axv, 176p,; | ||
| 500 | _aIncludes key to study suggestions [151-160] includes bible reference index [161-171] includes subject index [173-176] | ||
| 650 | _xchristian life | ||
| 942 |
_2ddc _cBK |
||